Differential line geometry /
Guardado en:
| Autor Principal: | |
|---|---|
| Otros Autores: | , |
| Formato: | Libro |
| Idioma: | English German |
| Publicado: |
Groningen :
P. Noordhoff,
c1953.
|
| Etiquetas: |
Agregar Etiqueta
Sin Etiquetas, Sea el primero en etiquetar este registro!
|
| LEADER | 00634nam a22001815a 4500 | ||
|---|---|---|---|
| 001 | MAT.inmabb001163 | ||
| 008 | 031120s1953####ne############000#0#eng#d | ||
| 005 | 20170811153828.0 | ||
| 245 | 1 | 0 | |a Differential line geometry / |c by Václav Hlavaty ; translation, based on the German text, by Harry Levy ; with the cooperation of Lucretia Switser Levy. |
| 260 | |a Groningen : |b P. Noordhoff, |c c1953. | ||
| 300 | |a x, 495 p. ; |c 24 cm. | ||
| 510 | 4 | |a MR, |c MR0057592 | |
| 100 | 1 | |a Hlavaty, Václav. | |
| 700 | 1 | |a Levy, Harry. |4 trl | |
| 700 | 1 | |a Levy, Lucretia Switser. |4 clb | |
| 084 | |a 53-XX | ||
| 041 | 1 | |a eng |h ger | |
| 859 | |h 53 |i H677 |p A-1170 |b BIB. MATEMATICA | ||
